Sustainable energy pricing (Record no. 355867)

000 -LEADER
fixed length control field 02425cam a2200445 a 4500
001 - CONTROL NUMBER
control field 9393286
003 - CONTROL NUMBER IDENTIFIER
control field USPCAS-E
005 - DATE AND TIME OF LATEST TRANSACTION
control field 20180118181416.0
006 - FIXED-LENGTH DATA ELEMENTS--ADDITIONAL MATERIAL CHARACTERISTICS
fixed length control field m d
007 - PHYSICAL DESCRIPTION FIXED FIELD--GENERAL INFORMATION
fixed length control field cr n
008 - FIXED-LENGTH DATA ELEMENTS--GENERAL INFORMATION
fixed length control field 111017s2012 njua sb 001 0 eng d
016 7# - NATIONAL BIBLIOGRAPHIC AGENCY CONTROL NUMBER
Record control number 015803982
Source Uk
020 ## - INTERNATIONAL STANDARD BOOK NUMBER
International Standard Book Number 9780470901632
020 ## - INTERNATIONAL STANDARD BOOK NUMBER
International Standard Book Number 0470901632
035 ## - SYSTEM CONTROL NUMBER
System control number (WaSeSS)ssj0000612978
040 ## - CATALOGING SOURCE
Original cataloging agency DLC
Transcribing agency DLC
Modifying agency YDX
-- BTCTA
-- UKMGB
-- YDXCP
-- BDX
-- CDX
-- DLC
-- WaSeSS
042 ## - AUTHENTICATION CODE
Authentication code pcc
050 #4 - LIBRARY OF CONGRESS CALL NUMBER
Classification number HD9560.4
Item number .Z38 2012
082 00 - DEWEY DECIMAL CLASSIFICATION NUMBER
Classification number 333.79
Edition number 23
Author Mark ZAT-S 2012
084 ## - OTHER CLASSIFICATION NUMBER
Classification number BUS070040
Number source bisacsh
100 1# - MAIN ENTRY--PERSONAL NAME
Personal name Zatzman, Gary.
210 10 - ABBREVIATED TITLE
Abbreviated title Sustainable energy pricing
245 10 - TITLE STATEMENT
Title Sustainable energy pricing
Medium [electronic resource] /
Statement of responsibility, etc. Gary M. Zatzman.
260 ## - PUBLICATION, DISTRIBUTION, ETC.
Place of publication, distribution, etc. Hoboken, N.J. :
Name of publisher, distributor, etc. John Wiley & Sons ;
Place of publication, distribution, etc. Salem, Mass. :
Name of publisher, distributor, etc. Scrivener Pub.,
Date of publication, distribution, etc. c2012.
502 ## - DISSERTATION NOTE
Dissertation note .
504 ## - BIBLIOGRAPHY, ETC. NOTE
Bibliography, etc. note Includes bibliographical references (p. 477-520) and index.
506 ## - RESTRICTIONS ON ACCESS NOTE
Terms governing access License restrictions may limit access.
520 ## - SUMMARY, ETC.
Summary, etc. "The petroleum sector is possibly the largest and most dominant economic sector in the globalized economy. However, for reasons explored in this book, although none of the existing economic development models fit this sector in the past and apply even less today, no satisfactory alternative has presented itself. This book highlights the important reasons why current models fail to predict energy pricing with reasonable accuracy, and ventures into environmental and other problems with oil and gas production and associated economic decisions mounting across both developed as well as developing economies"--Provided by publisher.
520 ## - SUMMARY, ETC.
Summary, etc. "This book highlights the important reasons why current models fail to predict energy pricing with reasonable accuracy, and ventures into environmental and other problems with oil and gas production and associated economic decisions mounting across both developed as well as developing economies"--Provided by publisher.
650 #0 - SUBJECT ADDED ENTRY--TOPICAL TERM
Topical term or geographic name entry element Petroleum products
General subdivision Prices.
650 #0 - SUBJECT ADDED ENTRY--TOPICAL TERM
Topical term or geographic name entry element Natural gas
General subdivision Prices.
650 #0 - SUBJECT ADDED ENTRY--TOPICAL TERM
Topical term or geographic name entry element Petroleum industry and trade.
650 #0 - SUBJECT ADDED ENTRY--TOPICAL TERM
Topical term or geographic name entry element Gas industry.
650 #0 - SUBJECT ADDED ENTRY--TOPICAL TERM
Topical term or geographic name entry element Energy consumption.
650 #0 - SUBJECT ADDED ENTRY--TOPICAL TERM
Topical term or geographic name entry element Energy development.
773 #0 - HOST ITEM ENTRY
Title Wiley-Blackwell Online Books
856 40 - ELECTRONIC LOCATION AND ACCESS
Uniform Resource Identifier <a href="http://www.columbia.edu/cgi-bin/cul/resolve?clio9393286">http://www.columbia.edu/cgi-bin/cul/resolve?clio9393286</a>
Public note Full text available from Wiley-Blackwell Online Books
910 ## - USER-OPTION DATA (OCLC)
User-option data Library of Congress record
942 ## - ADDED ENTRY ELEMENTS (KOHA)
Source of classification or shelving scheme
Koha item type Book
Holdings
Withdrawn status Lost status Source of classification or shelving scheme Damaged status Not for loan Collection code Permanent Location Current Location Shelving location Date acquired Source of acquisition Cost, normal purchase price Total Checkouts Full call number Barcode Date last seen Price effective from Koha item type
            US-Pakistan Center for Advanced Studies in Energy (USPCAS-E) US-Pakistan Center for Advanced Studies in Energy (USPCAS-E)   12/29/2015 Iqra 13337.00   333.79 ZAT-S 2012 CAS-E0001100 12/29/2015 12/29/2015 Book
© 2023 Central Library, National University of Sciences and Technology. All Rights Reserved.